00277nam a2200121Ia 45000030006000000080041000060400015000471000018000622450037000802600009001175460012001260050017001380STCL150530s9999 xx 000 0 und d aSTCLcSTCL aBharath, A.V. aBlack princess and other stories c1952 aEnglish20220125170650.0